000 00859nam0a22002771 4500
001 RU\NLR\INFOCOMM4\ROSSICA\1000409797
005 20250613190118.0
035 _a(NLR Aleph) 009903052
090 _a10580943
_c10580943
100 _a20030630d1863 |||y0rusy50 ca
101 0 _ager
102 _aRU
105 _ay ||||000ay
200 1 _aZur Vermählung des Herrn C. Christian Walter und Fräulein Anna Louise Joh. Junker am 2. Juni 1863
_ePièce de vers
_fChristoph. Fr. Walther
210 _aSt.Petersburg
_d1863
215 _d
600 1 _aWalter
_bC.Ch.
_gC. Christian
_2PSBO
600 1 _aJunker
_gAnna Louise Joh.
_bA.L.J.
_2PSBO
700 1 _aWalther
_bCh.F.
_gChristophe Fr.
_4070
801 1 _aRU
_bInfoComm
_c20030630
801 0 _aRU
_bNLR
_gPSBO
852 _aNLR
_j21.5.1.125
942 _cBOOK
980 _aNB
980 _aRossica